Nerfs mb sup et inf - Statistics

General Stats
  • This quiz has been taken 10 times
  • The average score is 15 of 49
Answer Stats
Muscles Racines et Nerf % Correct
Ilio-psoas L1/L2 nerf fémoral
100%
Sartorius L1/L2 nerf fémoral
100%
Quadriceps (droit fémoral) L2 nerf fémoral
100%
Quadriceps (vastes) L3 nerf fémoral
100%
Ischio-jambiers (biceps fémoral) S1 nerf sciatique
100%
Ischio-jambiers (semi-tendineux et membraneux) L4 nerf sciatique
100%
Triceps sural S1 nerf tibial
100%
Tibial postérieur S1 nerf tibial
100%
Long fléchisseur de l'hallux S1 nerf tibial
100%
Long fléchisseur des orteils S1/S2 nerf tibial
100%
Coraco-brachial C6 nerf musculo-cutané
67%
Diaphragme C3/C4 nerf phrénique
67%
Deltoïde ant/moyen/post C5 nerf axillaire
33%
Petit rond C5 nerf axillaire
33%
Grand fessier S1 nerf glutéal inférieur
33%
Moyen fessier L4/L5/S1 nerf glutéal supérieur
33%
TFL L4/L5/S1 nerf glutéal supérieur
33%
Petit fessier L4/L5 nerf glutéal supérieur
33%
Adducteurs L3 nerf obturateur
33%
Sub-scapulaire C6 nerf sub-scapulaire
33%
Supra épineux C5 nerf supra-scapulaire
33%
Infra épineux C5 nerf supra-scapulaire
33%
Elévateur de la scapula C4 nerf dorsal de la scapula
0%
Rhomboïde C4 nerf dorsal de la scapula
0%
Tibial antérieur L4 nerf fibulaire profond
0%
Long extenseur de l'hallux L5 nerf fibulaire profond
0%
Long extenseur des orteils L5 nerf fibulaire profond
0%
Fibulaires (court et long) L5 nerf fibulaire superficiel
0%
Grand pectoral (chef sup) C6 nerf pectoral latéral
0%
Petit pectoral C6 nerf pectoral latéral et médial
0%
Grand pectoral (chef moyen) C6/C8 nerf pectoral latéral et médial
0%
Grand pectoral (chef inf) C8 nerf pectoral médial
0%
Muscles intrinsèques du pied S1 nerf plantaires
0%
Fléchisseurs C2 à C8 nerfs cervicaux antérieurs
0%
SCOM C3 nerfs cervicaux antérieurs
0%
Paravertébraux (tête et cou) C2 à C8 nerfs cervicaux postérieurs
0%
Trapèze sup/moyen/inf C3 nerfs cervicaux postérieurs + nerf accessoire XI
0%
Paravertébraux (tronc) D1 à S2 nerfs dorso-lombaires
0%
Carré des lombes L1 nerf sub-costal
0%
Dentelé C6 nerf thoracique long
0%
Grand dorsal C6 nerf thoraco-dorsal
0%
Grand rond C6 nerf thoraco dorsal
0%
Pelvi-trochanteriens S1 plexus lombo sacré
0%
Grands droits D6 à L1 six derniers nerfs intercostaux
0%
Obliques externes D6 à L1 six derniers nerfs intercostaux
0%
Obliques internes D9 à L1 six derniers nerfs intercostaux
0%
Transverse D9 à L1 six derniers nerfs intercostaux
0%
Inter-costaux internes D1 à D11 six premiers nerfs intercostaux
0%
Inter-costaux externes D1 à D11 six premiers nerfs intercostaux
0%
No matching quizzes found
Score Distribution
Percent of People with Each Score
Percentile by Number Answered
Your Score History
You have not taken this quiz